000 00335nab a22001097u 4500
008 130520b1982 xxu||||| |||| 00| 0 spa d
041 _aspa
100 1 _aGuerrand, R.-H.
_967224
245 0 0 _aLucha de la Iglesia católica contra el racismo
_cR.-H. Guerrand
773 0 _tConcilium
_gV.1,1982,págs.55-60
_x0210-1041
_wRev134
942 _cAR
999 _c354815
_d354815